00753nam a2200193 i 450000100060000000300090000600500170001500700030003200800410003510000280007624501280010426000530023230000300028570000360031570000380035185200320038999900170042195201210043884011ES-MaACL20230906174930.0t|041119s1944 sp ||||1| spa d1 aIvanov, Dimitri.96565510aCuentos búlgaros / cElin-Pelin (seud.) ; [traducción del búlgaro, por Teodoro P. Neicov y Manuel María Barandica]. aMadrid : bEdit. Stylos, c1944 (fSan Martín) a219 p. : bil. ; c18 cm.1 aNeïkov, Todor Petrov.91539461 aBarandica, Manuel María.925314 aES-MaACLjF-16002 bR.20747 c84011d84011 00104070aATENEOMbATENEOMcSPP2d2008-01-17eSCl0oF-16002p1087799r2023-02-23 00:00:00w2023-02-23yMONOGRAFIA